| 000 | 01615nam a22002537a 4500 | ||
|---|---|---|---|
| 999 |
_c59753 _d59753 |
||
| 003 | Ge_BSU | ||
| 005 | 20230410164830.0 | ||
| 008 | 230410s1989 ge ||||| |||| 00| 0 geo d | ||
| 041 | _ageo | ||
| 080 | _a94(479.22)+342(479.22) ჯ-14 | ||
| 100 |
_aჯავახიშვილი, ივ. _97329 |
||
| 245 |
_aისტორიული რარიტეტები : _bისტორიულად და თანამედროვე თვალსაზრისით განხილული [კრებული] / _c ივ. ჯავახიშვილი, პეტრე სურგულაძე, პროფ. ლისტი; რედ.: აკ. ბაქრაძე. |
||
| 264 |
_aტფილისი : _bსახელმწიფო სტამბა, _c1989. |
||
| 300 |
_a160 გვ. ; _b20 სმ. |
||
| 653 | _aსაქართველოს ახალი ისტორია | ||
| 653 | _aსაქართველოს საზღვრები | ||
| 653 | _aრუსეთ-საქართველოს ურთიერთობების ისტორია -- 18 ს | ||
| 653 | _aსაქართველოს ისტორიული გეოგრაფია | ||
| 653 | _aსაქართველოს სახელმწიფო სამართალი | ||
| 700 |
_aბაქრაძე, აკაკი _eრედაქტორი _91269 |
||
| 700 |
_aსურგულაძე, პეტრე _eავტორი _917592 |
||
| 700 |
_aლისტი _eავტორი _917593 |
||
| 942 |
_2udc _cBK |
||